Ochrana prírody okresu Bardejov /
Uložené v:
| Hlavný autor: | |
|---|---|
| Médium: | Kniha |
| Jazyk: | Slovak |
| Vydané: |
Košice :
Východoslovenské vydavateľstvo,
1981.
|
| Vydanie: | 1. vyd. |
| Témy: | |
| ISBN: |
(viaz.) |
| Fyzický popis: |
116 s. |
| Tagy: |
Pridať tag
Žiadne tagy, Buďte prvý kto otaguje tento záznam!
|
Titul je dostupný aj v ... 

MARC
| LEADER | 00000nam a2200000 a 4500 | ||
|---|---|---|---|
| 001 | 000074439 | ||
| 003 | SVKK | ||
| 005 | 20101209140914.0 | ||
| 008 | 991123s1981 xo e sloo | ||
| 020 | |a (viaz.) | ||
| 040 | |a SVKKK |b slo |c SVKKK |e AACR2 | ||
| 041 | 0 | |a slo | |
| 044 | |a xo |c SK | ||
| 080 | |a 502.3(437.672)(084) |2 1997 | ||
| 080 | |a 779(437.672) |2 1997 | ||
| 100 | 1 | |a Dostál, Ľudovít | |
| 245 | 1 | 0 | |a Ochrana prírody okresu Bardejov / |c Ľudovít Dostál. |
| 250 | |a 1. vyd. | ||
| 260 | |a Košice : |b Východoslovenské vydavateľstvo, |c 1981. | ||
| 300 | |a 116 s. | ||
| 653 | 0 | |a príroda |2 SVKKKPH | |
| 653 | 0 | |a ochrana |2 SVKKKPH | |
| 653 | 0 | |a Bardejov (Slovensko : okres) |2 SVKKKPH | |
| 653 | 0 | |a publikácie obrazové |2 SVKKKPH | |
| 655 | 7 | |a obrazové publikácie |2 SVKKKPH | |
| 910 | |a svkkk | ||
| 974 | |a MI |d 19991123 | ||
| 974 | |a PA |d 19991123 | ||
| 974 | |a PA |d 20010430 | ||
| 998 | |a BK | ||
| 090 | |g SCKHL |k Sklad Pribinova 3. posch. |a V.190228 |j 875649 |i 2720153407 |s Absenčne | ||